[Event "NRW Class2 1617"]
[Site "Germany"]
[Date "2016.09.25"]
[Round "1.7"]
[White "Doehner, Hans Juergen"]
[Black "Pfleger, Sascha"]
[Result "1-0"]
[WhiteElo "2102"]
[BlackElo "2067"]
[PlyCount "121"]
[EventDate "2016.09.25"]
[EventType "team-tourn"]
[EventRounds "9"]
[EventCountry "GER"]
[SourceTitle "EXT 2023"]
[Source "ChessBase"]
[SourceDate "2022.10.05"]
[SourceVersion "1"]
[SourceVersionDate "2022.10.05"]
[SourceQuality "1"]
[WhiteTeam "Siegen"]
[BlackTeam "Letmathe"]
[WhiteTeamCountry "GER"]
[BlackTeamCountry "GER"]

1. e4 c5 2. Nf3 a6 3. d4 cxd4 4. Nxd4 Nf6 5. Nc3 e5 6. Nf3 Bb4 7. Bd3 Bxc3+ 8. bxc3 Qc7 9. c4 d6 10. h3 Nbd7 11. 0-0 Nc5 12. Re1 Qc6 13. Nd2 b6 14. Rb1 Bb7 15. f3 Na4 16. Rb3 Nc5 17. Ra3 0-0 18. Nf1 b5 19. cxb5 axb5 20. Rxa8 Rxa8 21. a3 Nh5 22. Ne3 Qb6 23. Kh2 Ra4 24. Bf1 Rd4 25. Qe2 Ba6 26. Nd5 Rxd5 27. exd5 b4 28. Qf2 Bxf1 29. Qxf1 Nf6 30. axb4 Qxb4 31. Rd1 h6 32. c4 Qc3 33. Bd2 Qc2 34. Be3 Nfd7 35. Rc1 Qb3 36. Bxc5 Nxc5 37. Rb1 Qe3 38. Rb8+ Kh7 39. Rb2 Qd4 40. Qe2 g6 41. Rd2 Qf4+ 42. g3 Qf6 43. Qe3 Qf5 44. Kg2 Qb1 45. Qe2 Qf5 46. Qe3 Qb1 47. Qe2 Qf5 48. Rb2 h5 49. h4 Qf6 50. Rb6 Qe7 51. Qe3 e4 52. fxe4 Nxe4 53. Ra6 Qe5 54. Ra2 Kg8 55. Re2 f5 56. Ra2 Kf7 57. Rc2 Kg8 58. Qf4 Qd4 59. Qh6 Qd3 60. Qxg6+ Kh8 61. Ra2 1-0

[Event "GER-chA Seniors 28th"]
[Site "Niederhausen"]
[Date "2016.08.20"]
[Round "8"]
[White "Doehner, Hans Juergen"]
[Black "Mertens, Klaus"]
[Result "0-1"]
[WhiteElo "2146"]
[BlackElo "2066"]
[PlyCount "101"]
[EventDate "2016.08.13"]
[EventType "swiss"]
[EventRounds "9"]
[EventCountry "GER"]
[SourceTitle "EXT 2019"]
[Source "ChessBase"]
[SourceDate "2018.10.10"]
[SourceVersion "1"]
[SourceVersionDate "2018.10.10"]
[SourceQuality "1"]

1. e4 d5 2. exd5 Qxd5 3. Nc3 Qd6 4. d4 Nf6 5. g3 c6 6. Bf4 Qb4 7. a3 Qb6 8. b4 Bf5 9. Bg2 e6 10. Na4 Qb5 11. Nb2 Bxb4+ 12. axb4 Qxb4+ 13. Bd2 Qxb2 14. c3 Bc2 15. Qc1 Qxc1+ 16. Rxc1 Bd3 17. f3 Nbd7 18. c4 Nb6 19. Bf1 Bxf1 20. Kxf1 0-0 21. Ne2 Rfd8 22. Be3 Nc8 23. Kf2 Nd6 24. Rhd1 Rd7 25. g4 h6 26. Nf4 Nfe8 27. Nd3 f6 28. h4 Nc7 29. Bf4 Rad8 30. Rb1 b5 31. c5 Nde8 32. Bxc7 Nxc7 33. Nb4 Nd5 34. Nxc6 Rc8 35. Nxa7 Rxa7 36. Re1 Ra2+ 37. Kf1 Kf7 38. Rxb5 Rd2 39. Re4 Rc7 40. Ra5 Rb7 41. Ra1 Rb3 42. h5 Rc2 43. Ra7+ Kg8 44. Ra8+ Kh7 45. Re2 Rxf3+ 46. Kg2 Rxe2+ 47. Kxf3 Re3+ 48. Kf2 Re4 49. Ra4 Rxg4 50. c6 e5 51. dxe5 0-1

[Event "GER-chA Seniors 28th"]
[Site "Niederhausen"]
[Date "2016.08.19"]
[Round "7"]
[White "Siegmund, Rainer"]
[Black "Doehner, Hans Juergen"]
[Result "1-0"]
[WhiteElo "2077"]
[BlackElo "2146"]
[PlyCount "57"]
[EventDate "2016.08.13"]
[EventType "swiss"]
[EventRounds "9"]
[EventCountry "GER"]
[SourceTitle "EXT 2019"]
[Source "ChessBase"]
[SourceDate "2018.10.10"]
[SourceVersion "1"]
[SourceVersionDate "2018.10.10"]
[SourceQuality "1"]

1. d4 d5 2. c4 c6 3. Nf3 Nf6 4. Nc3 e6 5. e3 g6 6. Bd3 Bg7 7. b3 Qa5 8. Bd2 dxc4 9. bxc4 Qc7 10. e4 0-0 11. 0-0 Kh8 12. Qe2 Nbd7 13. Rac1 e5 14. d5 Nc5 15. Be3 Nxd3 16. Qxd3 Rd8 17. Rfe1 Ne8 18. Nd2 b6 19. c5 bxc5 20. Nb3 Bf8 21. Nxc5 Nf6 22. f3 Qa5 23. Qc4 cxd5 24. Nxd5 Ne8 25. Nb3 Qa3 26. Qc3 Be6 27. Bc5 Bxc5+ 28. Qxc5 Qxa2 29. Qf8# 1-0

[Event "GER-chA Seniors 28th"]
[Site "Niederhausen"]
[Date "2016.08.18"]
[Round "6"]
[White "Doehner, Hans Juergen"]
[Black "Lomer, Edmund"]
[Result "1/2-1/2"]
[WhiteElo "2146"]
[BlackElo "2050"]
[PlyCount "107"]
[EventDate "2016.08.13"]
[EventType "swiss"]
[EventRounds "9"]
[EventCountry "GER"]
[SourceTitle "EXT 2019"]
[Source "ChessBase"]
[SourceDate "2018.10.10"]
[SourceVersion "1"]
[SourceVersionDate "2018.10.10"]
[SourceQuality "1"]

1. e4 d5 2. exd5 Qxd5 3. Nc3 Qa5 4. d4 c6 5. Bc4 Nf6 6. Qe2 Bg4 7. f3 Bf5 8. Bd2 Qb6 9. Bc1 Nbd7 10. Qd2 e6 11. Nge2 Be7 12. b3 0-0 13. Bb2 Rfd8 14. Qe3 Bb4 15. 0-0-0 Nd5 16. Nxd5 exd5 17. Bd3 Re8 18. Qf2 Bxd3 19. Rxd3 a5 20. a3 Bd6 21. Nc3 Qc7 22. g3 b5 23. a4 bxa4 24. Nxa4 Nb6 25. Nc5 a4 26. Re1 axb3 27. Rxe8+ Rxe8 28. cxb3 Qe7 29. Kd2 Kf8 30. Re3 Qxe3+ 31. Qxe3 Rxe3 32. Kxe3 Ke7 33. Bc3 Nd7 34. Nb7 Ba3 35. b4 Bc1+ 36. Kd3 Bg5 37. h4 Bh6 38. b5 cxb5 39. Bb4+ Kf6 40. Nd6 Ke6 41. Nxb5 Nf6 42. Bf8 Ne8 43. f4 f5 44. h5 Kf7 45. Bb4 g6 46. hxg6+ hxg6 47. Nc3 Ke6 48. Na4 Nf6 49. Nc5+ Kf7 50. Ke3 Ne4 51. Be1 Bf8 52. Nd3 Bd6 53. Ne5+ Bxe5 54. dxe5 1/2-1/2

[Event "GER-chA Seniors 26th"]
[Site "Bad Neuenahr"]
[Date "2014.08.05"]
[Round "1"]
[White "Doehner, Hans Juergen"]
[Black "Boeven, Manfred"]
[Result "1/2-1/2"]
[WhiteElo "2138"]
[BlackElo "2173"]
[PlyCount "110"]
[EventDate "2014.08.05"]
[EventType "swiss"]
[EventRounds "9"]
[EventCountry "GER"]
[SourceTitle "EXT 2018"]
[Source "ChessBase"]
[SourceDate "2017.10.13"]
[SourceVersion "1"]
[SourceVersionDate "2017.10.13"]
[SourceQuality "1"]

1. e4 c5 2. Nc3 e6 3. Nge2 Nc6 4. d4 cxd4 5. Nxd4 Qc7 6. Be3 a6 7. Qd2 Nf6 8. f3 Be7 9. 0-0-0 Nxd4 10. Qxd4 d6 11. Qb6 Qxb6 12. Bxb6 0-0 13. a3 Bd7 14. Bc4 Rac8 15. Bb3 Bc6 16. Rhe1 Nd7 17. Be3 Nc5 18. Ba2 Na4 19. Nxa4 Bxa4 20. Re2 Bb5 21. Red2 Bc4 22. b3 Bb5 23. c4 d5 24. exd5 exd5 25. Rxd5 Bxa3+ 26. Kb1 Bc6 27. R5d3 Rfe8 28. Bb6 h5 29. Rd8 Rcxd8 30. Rxd8 Rxd8 31. Bxd8 Bd7 32. Kc2 Kf8 33. Kc3 Ke8 34. Bb6 Bd6 35. h3 h4 36. Bb1 Bg3 37. Be4 Bc8 38. Bd4 f6 39. Kb4 Bc7 40. Bg6+ Ke7 41. c5 Bd7 42. Kc3 Be5 43. Be4 Bxd4+ 44. Kxd4 Bc6 45. Bd3 Kd7 46. b4 Kc7 47. Bg6 Bb5 48. f4 Bc6 49. Be4 Bxe4 50. Kxe4 Kc6 51. Kd4 b6 52. cxb6 Kxb6 53. f5 Kb5 54. Kc3 a5 55. bxa5 Kxa5 1/2-1/2

[Event "GER-chT KG-34 Br1 email"]
[Site "GER email"]
[Date "2008.11.22"]
[Round "?"]
[White "Doehner, Hans Juergen"]
[Black "Pommrich, Rainer"]
[Result "1-0"]
[WhiteElo "2230"]
[BlackElo "1981"]
[PlyCount "163"]
[EventDate "2008.??.??"]
[EventType "tourn (corr)"]
[EventRounds "7"]
[EventCountry "GER"]
[SourceTitle "Corr 2011"]
[Source "ChessBase"]
[SourceDate "2010.08.31"]
[SourceVersion "1"]
[SourceVersionDate "2010.08.31"]
[SourceQuality "1"]

1. e4 c5 2. Nf3 Nc6 3. d4 cxd4 4. Nxd4 Nf6 5. Nc3 e5 6. Ndb5 d6 7. Bg5 a6 8. Na3 b5 9. Bxf6 gxf6 10. Nd5 f5 11. g3 fxe4 12. Bg2 Bg7 13. Bxe4 Be6 14. Qh5 Rc8 15. 0-0 Ne7 16. Rad1 Nxd5 17. Bxd5 0-0 18. Qe2 Rc5 19. Bxe6 fxe6 20. c4 d5 21. cxb5 Qa5 22. Rc1 Rxc1 23. Rxc1 axb5 24. Nxb5 Qxa2 25. Nc7 d4 26. Qg4 h5 27. Qxe6+ Qxe6 28. Nxe6 Rb8 29. Rc7 Bf6 30. Nc5 Rxb2 31. Rd7 Rc2 32. Ne4 Bg7 33. Kg2 Rc8 34. h4 Rc1 35. Kf3 Re1 36. Ra7 Kf8 37. Nd6 Kg8 38. Re7 Bf6 39. Re8+ Kh7 40. Ne4 Bg7 41. Nc5 Ra1 42. Re6 Ra3+ 43. Ke4 Ra2 44. Nd3 Rd2 45. Ra6 Re2+ 46. Kf3 Rd2 47. Nc5 Rb2 48. Ne4 Rb3+ 49. Ke2 Rb2+ 50. Kd3 Kh8 51. Kc4 Rc2+ 52. Kd3 Rb2 53. Kc4 Rc2+ 54. Kd5 Rc8 55. Nc5 Kg8 56. Ra7 Rd8+ 57. Ke4 Rd6 58. Ra8+ Kf7 59. Nd3 Re6 60. Ra3 Kf6 61. Ra5 Kg6 62. Ra7 Kf6 63. f3 Kg6 64. Rb7 Bh8 65. Rb8 Bf6 66. Ra8 Kg7 67. Ra7+ Kg6 68. Nc5 Re7 69. Ra6 Rc7 70. Nd3 Kg7 71. Nb4 Rc4 72. Rb6 Kf7 73. Kf5 Bd8 74. Rb7+ Rc7 75. Rb8 Rd7 76. Nd3 Bf6 77. Rb6 Bg7 78. Rb2 Re7 79. Rb3 Bf6 80. Rb6 Bg7 81. Rd6 Ke8 82. Rg6 1-0

[Event "GER-ch Seniors-A 20th"]
[Site "Erfurt"]
[Date "2008.08.13"]
[Round "9"]
[White "Doehner, Hans Juergen"]
[Black "Kunath, Werner"]
[Result "1-0"]
[WhiteElo "1961"]
[BlackElo "1891"]
[PlyCount "65"]
[EventDate "2008.08.05"]
[EventType "swiss"]
[EventRounds "9"]
[EventCountry "GER"]
[SourceTitle "CBM 126 Extra"]
[Source "ChessBase"]
[SourceDate "2008.11.05"]
[SourceVersion "1"]
[SourceVersionDate "2008.11.05"]
[SourceQuality "1"]

1. e4 c5 2. Nc3 e6 3. f4 Nc6 4. Nf3 g6 5. Bb5 Nge7 6. 0-0 Bg7 7. d3 0-0 8. a4 Nd4 9. Bc4 d5 10. Ba2 b6 11. Bd2 Bb7 12. Kh1 Qd7 13. Rb1 Nxf3 14. gxf3 d4 15. Ne2 Qxa4 16. Ra1 Qd7 17. Ng3 Kh8 18. Rf2 a5 19. h4 h5 20. Rg2 Kh7 21. Qg1 Rg8 22. f5 Bf6 23. fxe6 fxe6 24. Qh2 Raf8 25. Qh3 Bc8 26. f4 Nc6 27. Rag1 Qe7 28. Rh2 Bg7 29. f5 gxf5 30. exf5 Qd6 31. Ne4 Qc7 32. Rf2 Ne7 33. Qf3 1-0

[Event "GER-ch Seniors-A 20th"]
[Site "Erfurt"]
[Date "2008.08.06"]
[Round "2"]
[White "Wulf, Adalbert"]
[Black "Doehner, Hans Juergen"]
[Result "0-1"]
[WhiteElo "1818"]
[BlackElo "1961"]
[PlyCount "106"]
[EventDate "2008.08.05"]
[EventType "swiss"]
[EventRounds "9"]
[EventCountry "GER"]
[SourceTitle "CBM 126 Extra"]
[Source "ChessBase"]
[SourceDate "2008.11.05"]
[SourceVersion "1"]
[SourceVersionDate "2008.11.05"]
[SourceQuality "1"]

1. d4 d5 2. c4 e6 3. Nc3 Nf6 4. Bg5 Be7 5. e3 0-0 6. Nf3 c6 7. Bd3 Nbd7 8. 0-0 dxc4 9. Bxc4 b5 10. Bd3 Bb7 11. Rc1 a6 12. e4 h6 13. Bh4 c5 14. e5 Ne8 15. Bxe7 Qxe7 16. dxc5 Nxc5 17. Bb1 g6 18. Re1 Ng7 19. b4 Rfd8 20. Qe2 Nd7 21. a3 Nb6 22. Qe3 Bxf3 23. gxf3 Qg5+ 24. Qxg5 hxg5 25. Ne4 Nc4 26. Nf6+ Kf8 27. Be4 Rab8 28. Ng4 Ke7 29. a4 Rdc8 30. a5 Rc7 31. Red1 Rbc8 32. Rc2 Nf5 33. Rc3 Nb2 34. Rxc7+ Rxc7 35. Rb1 Nc4 36. Rd1 Nh4 37. h3 Nf5 38. Kh2 Ng7 39. Kg2 Nh5 40. Kh2 Nf4 41. Kg3 Ne2+ 42. Kg2 Nc3 43. Rd4 Na2 44. Bd3 Nxb4 45. Bxc4 Rxc4 46. Rd6 Rc6 47. Rd1 Nd5 48. Kg3 Rc3 49. Nf6 Ra3 50. Ne4 Rxa5 51. Rc1 b4 52. Rc8 b3 53. Nd6 b2 0-1

[Event "Merano Gold Cup 36th"]
[Site "Merano"]
[Date "2008.04.09"]
[Round "6"]
[White "Doehner, Hans Juergen"]
[Black "Welz, Peter"]
[Result "0-1"]
[WhiteElo "2188"]
[BlackElo "2147"]
[PlyCount "96"]
[EventDate "2008.04.04"]
[EventType "swiss"]
[EventRounds "9"]
[EventCountry "ITA"]
[SourceTitle "EXT 2015"]
[Source "ChessBase"]
[SourceDate "2014.11.20"]
[SourceVersion "1"]
[SourceVersionDate "2014.11.20"]
[SourceQuality "1"]

1. e4 e6 2. d4 d5 3. e5 c5 4. c3 Nc6 5. Nf3 Qb6 6. a3 c4 7. Nbd2 Na5 8. Be2 Bd7 9. 0-0 Ne7 10. Re1 h6 11. Rb1 0-0-0 12. b3 cxb3 13. c4 Ba4 14. c5 Qc6 15. Bb2 g5 16. Bd3 Qc7 17. Qe2 a6 18. Rec1 Nec6 19. Bc3 Be7 20. Nf1 g4 21. N3d2 h5 22. Ne3 f5 23. exf6 Bxf6 24. Nxd5 exd5 25. Qe6+ Kb8 26. Qxf6 h4 27. Nf1 Ka7 28. Qf5 Nc4 29. Qxg4 Rdg8 30. Qh3 Qf4 31. Qf5 Rf8 32. Qxf4 Rxf4 33. Bxc4 dxc4 34. Rd1 Re8 35. Rb2 Ree4 36. d5 Nd4 37. Ne3 Nb5 38. Rc1 Nxa3 39. Kf1 Rxe3 40. Bd2 c3 41. Bxc3 Nc4 42. Re2 b2 43. Bxb2 Rxe2 44. Kxe2 Nxb2 45. f3 Bb5+ 46. Ke3 Rf5 47. Ke4 Rg5 48. Rg1 Bc4 0-1

[Event "GER-chT KG-34 Br1 email"]
[Site "GER email"]
[Date "2008.??.??"]
[Round "?"]
[White "Patzer, Joerg"]
[Black "Doehner, Hans Juergen"]
[Result "1/2-1/2"]
[WhiteElo "2213"]
[BlackElo "2230"]
[PlyCount "59"]
[EventDate "2008.??.??"]
[EventType "tourn (corr)"]
[EventRounds "7"]
[EventCountry "GER"]
[SourceTitle "Corr 2011"]
[Source "ChessBase"]
[SourceDate "2010.08.31"]
[SourceVersion "1"]
[SourceVersionDate "2010.08.31"]
[SourceQuality "1"]

1. e4 e5 2. Nf3 Nc6 3. Bb5 a6 4. Ba4 Nf6 5. 0-0 b5 6. Bb3 Bb7 7. Re1 Bc5 8. c3 d6 9. d4 Bb6 10. Bg5 h6 11. Bh4 g5 12. Bg3 0-0 13. a4 exd4 14. cxd4 Re8 15. axb5 axb5 16. Rxa8 Bxa8 17. d5 Na5 18. Bc2 c6 19. Nc3 Nc4 20. dxc6 Bxc6 21. b3 Na3 22. Bd3 Nh5 23. Qc1 Bc5 24. Nd5 Bxd5 25. exd5 Rxe1+ 26. Qxe1 b4 27. Nd2 Nxg3 28. hxg3 Qf6 29. Ne4 Qe5 30. Qc1 1/2-1/2

[Event "Niedersachsen-ch Seniors 41st"]
[Site "Sottrum"]
[Date "2007.03.28"]
[Round "7"]
[White "Doehner, Hans Juergen"]
[Black "Gudat, Alfons"]
[Result "1-0"]
[WhiteElo "2058"]
[BlackElo "1922"]
[PlyCount "71"]
[EventDate "2007.03.22"]
[EventType "swiss"]
[EventRounds "9"]
[EventCountry "GER"]
[SourceTitle "EXT 2022"]
[Source "ChessBase"]
[SourceDate "2021.10.06"]
[SourceVersion "1"]
[SourceVersionDate "2021.10.06"]
[SourceQuality "1"]

1. e4 c5 2. Nf3 Nc6 3. d4 cxd4 4. Nxd4 e5 5. Nb5 d6 6. N1c3 Nf6 7. Bg5 a6 8. Na3 b5 9. Nd5 Be7 10. Bxf6 Bxf6 11. Nxf6+ Qxf6 12. c3 0-0 13. Be2 Bb7 14. 0-0 Ne7 15. Bf3 Rfd8 16. Qe2 d5 17. Rfd1 Rd6 18. Nc2 Rad8 19. g3 dxe4 20. Bxe4 Bxe4 21. Rxd6 Qxd6 22. Qxe4 f5 23. Qe2 g6 24. a4 bxa4 25. Qc4+ Qd5 26. Qxa4 f4 27. Qxa6 Kg7 28. Nb4 Qf3 29. Qe6 Rd1+ 30. Rxd1 Qxd1+ 31. Kg2 f3+ 32. Kh3 Nf5 33. Qxe5+ Kh6 34. Kg4 Nd6 35. Qf4+ Kg7 36. Qd4+ 1-0